[Event "ICS rated blitz match"]
[Site "204.178.125.65"]
[Date "2001.08.18"]
[Round "?"]
[White "NAZZBLUE"]
[Black "Hossa"]
[Result "1/2-1/2"]
[WhiteElo "2526"]
[BlackElo "2571"]
[PlyCount "172"]
[EventDate "2001.??.??"]

1. d4 Nf6 2. c4 e6 3. Nf3 d5 4. Nc3 Be7 5. Bg5 O-O 6. e3 h6 7. Bh4 b6 8. Be2
Bb7 9. Rc1 dxc4 10. Bxc4 c5 11. O-O cxd4 12. Nxd4 Nc6 13. Nxc6 Bxc6 14. Qe2 Qb8
15. Rfd1 Rd8 16. Bg3 Rxd1+ 17. Rxd1 Qf8 18. Be5 Rd8 19. Nb5 Rxd1+ 20. Qxd1 Qa8
21. f3 Bxb5 22. Bxb5 Bc5 23. Bd4 Qd5 24. Be2 Bxd4 25. Qxd4 Qxd4 26. exd4 Kf8
27. Kf2 Ke7 28. f4 Kd6 29. g3 g6 30. Kf3 Kc6 31. Ke3 b5 32. a3 a6 33. Bf3+ Nd5+
34. Kd3 Kd6 35. b4 Nb6 36. Bb7 Nc4 37. Bxa6 Kc6 38. a4 Nb2+ 39. Ke3 Nxa4 40.
d5+ exd5 41. Kd3 Nb6 42. Kd4 f6 43. h3 h5 44. Kd3 Nc4 45. Bc8 Kd6 46. Bb7 g5
47. h4 g4 48. Bc8 Nb2+ 49. Kd4 Nc4 50. Bf5 Nd2 51. Bg6 f5 52. Bxh5 Nf1 53. Bg6
Ke6 54. h5 Kf6 55. Be8 Nxg3 56. h6 Ne2+ 57. Ke3 Nc3 58. h7 Kg7 59. Bd7 g3 60.
Kf3 Kxh7 61. Bxf5+ Kg7 62. Kxg3 Kf6 63. Bd3 Na2 64. Bxb5 Nxb4 65. Kf3 Ke6 66.
Bf1 Kd6 67. Ke3 Nc2+ 68. Kd3 Nb4+ 69. Kd4 Nc2+ 70. Kc3 Ne3 71. Bh3 Kc5 72. Kd3
Nd1 73. Kd2 Nf2 74. Bf5 Ne4+ 75. Ke3 Nf6 76. Bd3 d4+ 77. Kf3 Kd5 78. Bc2 Kc4
79. f5 Kd5 80. Kf4 Kd6 81. Bb1 Kd5 82. Bd3 Kd6 83. Be2 Kd5 84. Bf3+ Kd6 85. Be2
Kd5 86. Bd3 Kd6 {Game drawn by mutual agreement} 1/2-1/2

[Event "ICS rated blitz match"]
[Site "204.178.125.65"]
[Date "2001.08.18"]
[Round "?"]
[White "NAZZBLUE"]
[Black "Hossa"]
[Result "1-0"]
[WhiteElo "2599"]
[BlackElo "2576"]
[PlyCount "176"]
[EventDate "2001.??.??"]

1. d4 d5 2. Nf3 Nf6 3. c4 dxc4 4. e3 e6 5. Bxc4 c5 6. O-O a6 7. e4 Nxe4 8. d5
b5 9. Bd3 Qxd5 10. Qe2 Nf6 11. Nc3 Qb7 12. a4 bxa4 13. Rxa4 Bd7 14. Ra5 Bd6 15.
Bg5 Bc6 16. Bxf6 Bxf3 17. Qxf3 Qxf3 18. gxf3 gxf6 19. Nb5 Kd7 20. Nxd6 Kxd6 21.
Rd1 Kc6 22. Rc1 Nd7 23. Rca1 Kc7 24. Be4 Rab8 25. Rxa6 Rxb2 26. Ra7+ Kc8 27.
R1a6 Nb8 28. Ra5 Kd8 29. Rxf7 f5 30. Bd3 h5 31. Rxc5 Rd2 32. Bc4 Nd7 33. Ra5
Rg8+ 34. Kf1 Rd1+ 35. Ke2 Rgg1 36. f4 Rge1+ 37. Kf3 Kc7 38. Re7 Kb6 39. Ra6+
Kc5 40. Be2 Rd6 41. Rxe6 Rxe6 42. Rxe6 Rh1 43. Kg3 Rg1+ 44. Kh4 Kd5 45. Ra6 Ke4
46. Ra4+ Kd5 47. Bc4+ Kc6 48. Ra6+ Kb7 49. h3 Nb6 50. Bd3 Nd5 51. Ra4 Rg2 52.
f3 Ne7 53. Kxh5 Rg3 54. Ra3 Kc7 55. Bb1 Kb6 56. h4 Nd5 57. Kh6 Ne7 58. Ra8 Rxf3
59. Kg5 Nd5 60. h5 Nxf4 61. h6 Rh3 62. Rh8 Nd5 63. Bxf5 Rg3+ 64. Kh4 Rg1 65. h7
Rh1+ 66. Kg5 Rh2 67. Be4 Nc3 68. Bf3 Rxh7 69. Rxh7 Kc5 70. Kf4 Kd6 71. Rh5 Na4
72. Rh6+ Kc5 73. Ke5 Nc3 74. Rc6+ Kb4 75. Bd5 Nb5 76. Bc4 Nc3 77. Kd4 Nd1 78.
Rb6+ Ka4 79. Ra6+ Kb4 80. Ra2 Ne3 81. Rb2+ Ka3 82. Rb3+ Ka4 83. Rd3 Ka5 84.
Rxe3 Kb6 85. Bd5 Kc7 86. Re6 Kd7 87. Kc5 Kc8 88. Kd6 Kd8 {Hossa resigns} 1-0

[Event "ICS rated blitz match"]
[Site "204.178.125.65"]
[Date "2001.08.18"]
[Round "?"]
[White "Hossa"]
[Black "ChesterX"]
[Result "1/2-1/2"]
[WhiteElo "2567"]
[BlackElo "2783"]
[PlyCount "151"]
[EventDate "2001.??.??"]

1. Nf3 f5 2. d4 Nf6 3. g3 g6 4. Bg2 Bg7 5. O-O O-O 6. c3 d6 7. Ng5 h6 8. Nh3
Nc6 9. Nf4 Qe8 10. d5 Nd8 11. Na3 e5 12. dxe6 Nxe6 13. Nxe6 Qxe6 14. Nb5 Qd7
15. Qd3 Ne4 16. g4 Nc5 17. Qc4+ Qf7 18. Bd5 Be6 19. Nxc7 Bxd5 20. Qxd5 Qxd5 21.
Nxd5 fxg4 22. Bf4 Na4 23. Kg2 Rae8 24. Rfe1 Re4 25. Bc1 Rf5 26. Ne3 Rb5 27. Nd1
a6 28. a3 d5 29. Ra2 Rc5 30. Be3 Rc8 31. Ra1 Nc5 32. Bxc5 Rxc5 33. Ra2 Kf7 34.
Ne3 Ke6 35. Nf1 Rc8 36. e3 Rf8 37. Nd2 Re5 38. e4 dxe4 39. Rxe4 Rxe4 40. Nxe4
Kd5 41. Nd2 Be5 42. Nb3 Rf3 43. Ra1 Rd3 44. Re1 b6 45. Nc1 Rh3 46. Rh1 Kc4 47.
a4 Bd6 48. Kg1 Be7 49. Kg2 Bg5 50. Ne2 Rd3 51. b3+ Kxb3 52. Rb1+ Kxa4 53. Rxb6
a5 54. Rxg6 Kb3 55. Rb6+ Kc2 56. Ra6 Rd2 57. Ng3 Rd5 58. Ne4 Kd3 59. Nxg5 hxg5
60. Kg3 Kxc3 61. Kxg4 Kd3 62. f4 gxf4 63. Kxf4 Rd4+ 64. Kg5 a4 65. h4 Kc3 66.
Rxa4 Rxa4 67. h5 Ra5+ 68. Kg6 Ra6+ 69. Kf5 Kd4 70. Kg5 Ke5 71. h6 Rd6 72. h7
Rd8 73. Kg6 Rh8 74. Kg7 Re8 75. h8=Q Rxh8 76. Kxh8 {
Game drawn because neither player has mating material} 1/2-1/2

[Event "ICS rated blitz match"]
[Site "204.178.125.65"]
[Date "2001.08.18"]
[Round "?"]
[White "ChesterX"]
[Black "Hossa"]
[Result "1-0"]
[WhiteElo "2774"]
[BlackElo "2576"]
[PlyCount "101"]
[EventDate "2001.??.??"]

1. e4 e6 2. d4 d5 3. Nc3 Be7 4. Bd3 b6 5. Be3 dxe4 6. Nxe4 Bb7 7. Qg4 g6 8. Qf4
Nf6 9. Nxf6+ Bxf6 10. Nf3 Nd7 11. O-O O-O 12. Rad1 a6 13. b3 Qe7 14. Qxc7 Bxf3
15. gxf3 e5 16. d5 Rfc8 17. Qb7 Rcb8 18. Qc6 Rc8 19. Qa4 Nc5 20. Bxc5 Qxc5 21.
d6 b5 22. Qa5 e4 23. d7 Rd8 24. Bxe4 Bc3 25. Rd5 Qxd5 26. Qxc3 Qg5+ 27. Kh1
Rab8 28. Rd1 Qh4 29. Qc5 h6 30. c3 Kh7 31. Bc6 b4 32. c4 Qf6 33. Re1 Rg8 34.
Qd5 Rbd8 35. c5 Rgf8 36. Bb7 Qc3 37. Rg1 Qb2 38. c6 Qc3 39. Bxa6 f5 40. Bc4 Qg7
41. Rd1 Qb2 42. c7 Qg7 43. Qe6 h5 44. c8=Q Rxc8 45. dxc8=Q Rxc8 46. Qxc8 Kh6
47. Rd7 Qf6 48. Qc7 Qf8 49. h4 Qg8 50. Bxg8 g5 51. Rd6# {Hossa checkmated} 1-0

[Event "ICS rated standard match"]
[Site "204.178.125.65"]
[Date "2001.08.18"]
[Round "?"]
[White "Tinker"]
[Black "Hossa"]
[Result "0-1"]
[WhiteElo "2381"]
[BlackElo "2250"]
[PlyCount "96"]
[EventDate "2001.??.??"]

1. e4 g6 2. d4 d6 3. Nc3 c6 4. f4 d5 5. e5 Bg7 6. Nf3 Nh6 7. Nb1 O-O 8. Ng5 f6
9. Nf3 fxe5 10. fxe5 Nf7 11. Be2 c5 12. c3 Qb6 13. dxc5 Qxc5 14. Qd4 Qa5 15. b4
Qd8 16. b5 e6 17. Bf4 Nd7 18. O-O Nfxe5 19. Nxe5 Qc7 20. Na3 Nxe5 21. Kh1 b6
22. Nc2 Bd7 23. Nb4 Rac8 24. Rac1 Rf7 25. Na6 Qd6 26. Qe3 Rcf8 27. Rce1 Bc8 28.
Qg3 Bxa6 29. bxa6 d4 30. cxd4 Qxd4 31. Bxe5 Bxe5 32. Qh3 Rxf1+ 33. Bxf1 Rf6 34.
Rb1 Qd5 35. a4 Qe4 36. Bd3 Qxa4 37. Re1 Kg7 38. Qe3 Bd6 39. Qh3 Qf4 40. Rd1 Qd4
41. Rg1 Rf4 42. Rd1 Rh4 43. Be2 Qb4 44. Qd3 Bxh2 45. g4 Be5+ 46. Kg2 Rh2+ 47.
Kf1 Qf4+ 48. Qf3 Rh1+ {Tinker resigns} 0-1

[Event "ICS rated blitz match"]
[Site "204.178.125.65"]
[Date "2001.08.18"]
[Round "?"]
[White "Hossa"]
[Black "Tinker"]
[Result "1-0"]
[WhiteElo "2568"]
[BlackElo "2420"]
[PlyCount "85"]
[EventDate "2001.??.??"]

1. e4 e5 2. d4 Nc6 3. d5 Nb8 4. Nf3 d6 5. Bd3 c6 6. dxc6 Nxc6 7. O-O Bg4 8. Nc3
Nf6 9. Be3 Qd7 10. h3 Bh5 11. Be2 Bg6 12. Qd3 Nb4 13. Qd2 Nc6 14. Bd3 h6 15.
Rfd1 Bh5 16. Be2 g5 17. Nh2 g4 18. hxg4 Bg6 19. f3 a6 20. Na4 Rd8 21. Nb6 Qc7
22. c4 Bg7 23. Kh1 Ne7 24. Rab1 h5 25. g5 Nh7 26. Rdc1 h4 27. Bd1 Nc6 28. Ng4
f5 29. gxf6 Nxf6 30. Nd5 Qf7 31. Ndxf6+ Bxf6 32. Nxf6+ Qxf6 33. Bg5 Qe6 34.
Bxd8 Nxd8 35. Ba4+ Kf8 36. c5 h3 37. Qxd6+ Qxd6 38. cxd6 b5 39. Bb3 h2 40. Rc5
a5 41. Rxb5 Nc6 42. Rc5 Be8 43. Ba4 {Tinker resigns} 1-0

[Event "ICS rated blitz match"]
[Site "204.178.125.65"]
[Date "2001.08.18"]
[Round "?"]
[White "ChesterX"]
[Black "Hossa"]
[Result "1-0"]
[WhiteElo "2716"]
[BlackElo "2549"]
[PlyCount "102"]
[EventDate "2001.??.??"]

1. c4 e5 2. Nc3 Nc6 3. g3 g6 4. Bg2 d6 5. d3 Bg7 6. Nf3 Nge7 7. O-O O-O 8. Rb1
f5 9. Bd2 Kh8 10. Qc1 Bd7 11. Bh6 f4 12. Bxg7+ Kxg7 13. e3 Nb4 14. Qd2 Bf5 15.
Ne4 Nec6 16. exf4 Nxa2 17. b4 Naxb4 18. Rxb4 Nxb4 19. Qxb4 Bxe4 20. dxe4 exf4
21. Qxb7 fxg3 22. hxg3 a5 23. e5 Rb8 24. Qd5 Qe7 25. Qxa5 Rf5 26. Nd4 Rxe5 27.
Qa1 Qf6 28. Nc6 Rf8 29. Nxe5 dxe5 30. Qa5 Qd6 31. c5 Qe7 32. Re1 Rf5 33. f4 Qd8
34. Rxe5 Qd4+ 35. Kh2 Rf7 36. c6 Qd8 37. Rd5 Qc8 38. Bh3 Qe8 39. Rd7 Kh6 40.
Bg4 Kg7 41. Qxc7 h5 42. Bd1 Kg8 43. Rxf7 Qxf7 44. Qxf7+ Kxf7 45. c7 Ke7 46. Ba4
Kf6 47. c8=Q g5 48. Qc6+ Kf7 49. fxg5 Kg7 50. Qf6+ Kh7 51. Qh6+ Kg8 {
Hossa resigns} 1-0

[Event "ICS rated blitz match"]
[Site "204.178.125.65"]
[Date "2001.08.18"]
[Round "?"]
[White "Hossa"]
[Black "peaceonearth"]
[Result "1-0"]
[WhiteElo "2540"]
[BlackElo "2193"]
[PlyCount "47"]
[EventDate "2001.??.??"]

1. e4 e6 2. Qe2 g6 3. d4 Bg7 4. Be3 Ne7 5. Nc3 b6 6. O-O-O Bb7 7. h4 h6 8. h5
g5 9. g4 d6 10. Bg2 Nd7 11. Nf3 a6 12. Nd2 c5 13. Nc4 Qc7 14. dxc5 dxc5 15.
Nd6+ Kf8 16. f4 gxf4 17. Bxf4 Ne5 18. Rhf1 N7c6 19. Nxf7 Qxf7 20. Bxe5 Nxe5 21.
Rxf7+ Kxf7 22. Na4 Bc6 23. Nxb6 Ra7 24. Qf2+ {peaceonearth resigns} 1-0

[Event "ICS rated blitz match"]
[Site "204.178.125.65"]
[Date "2001.08.18"]
[Round "?"]
[White "peaceonearth"]
[Black "Hossa"]
[Result "0-1"]
[WhiteElo "2189"]
[BlackElo "2544"]
[PlyCount "44"]
[EventDate "2001.??.??"]

1. e4 e5 2. Nf3 Nf6 3. Nxe5 d6 4. Nf3 Nxe4 5. d4 d5 6. Bd3 Be7 7. O-O Nc6 8. c4
Nb4 9. Be2 O-O 10. Nc3 Be6 11. cxd5 Bf5 12. Qb3 Nxc3 13. bxc3 Nxd5 14. Bd2 Rb8
15. c4 Nf6 16. Rad1 Ne4 17. Be3 Re8 18. Bd3 Bd6 19. h3 Qf6 20. c5 Bf8 21. Rc1
c6 22. Bf4 Be6 {peaceonearth resigns} 0-1

[Event "ICS rated blitz match"]
[Site "204.178.125.65"]
[Date "2001.08.18"]
[Round "?"]
[White "Tinker"]
[Black "Hossa"]
[Result "0-1"]
[WhiteElo "2410"]
[BlackElo "2548"]
[PlyCount "204"]
[EventDate "2001.??.??"]

1. d4 d5 2. c4 dxc4 3. Nf3 Nf6 4. e3 e6 5. Bxc4 c5 6. O-O a6 7. a4 cxd4 8. exd4
Bd6 9. Qe2 O-O 10. Bg5 b6 11. Ne5 h6 12. Qf3 Ra7 13. Bxf6 Qxf6 14. Qxf6 gxf6
15. Ng4 Kg7 16. Nc3 Rc7 17. Ne3 Bb4 18. Na2 Bd6 19. Be2 Rd8 20. Nc4 Nc6 21.
Rad1 Bf4 22. d5 Rxd5 23. Nxb6 Nd4 24. Bd3 Rd6 25. Nc4 Rd8 26. Nb4 Rc5 27. Nb6
a5 28. Nxc8 Rcxc8 29. Na6 Nb3 30. Be2 Bd2 31. Kh1 Rd6 32. Bb5 Rc2 33. f3 Bf4
34. Rxd6 Bxd6 35. Rb1 Be5 36. Bd3 Rc6 37. Re1 Bxb2 38. Bb5 Rc2 39. Rd1 Be5 40.
Bd3 Rb2 41. Rb1 Rd2 42. Bf1 Nd4 43. Nc5 Bf4 44. Nd3 Bd6 45. Nb2 Bb4 46. Kg1 Nf5
47. Bb5 Ne3 48. Nc4 Nxc4 49. Bxc4 Bc5+ 50. Kh1 f5 51. g3 Rc2 52. Bb3 Re2 53. f4
Be3 54. Bc4 Rc2 55. Bd3 Rd2 56. Rb3 Bc5 57. Bb5 Kf6 58. h3 Rc2 59. Bd3 Ra2 60.
Bb5 Rd2 61. Rd3 Rb2 62. Bc4 Rb1+ 63. Kg2 Rg1+ 64. Kf3 Rf1+ 65. Ke2 Rh1 66. Ba6
Rxh3 67. Kf1 Rh1+ 68. Ke2 Rh2+ 69. Kd1 Bb4 70. Bb7 h5 71. Kc1 h4 72. Kd1 hxg3
73. Rxg3 Rd2+ 74. Kc1 Rd7 75. Ba8 Bd2+ 76. Kb2 Bxf4 77. Rb3 Rc7 78. Rb6 Be5+
79. Ka2 Rc2+ 80. Ka3 Rc8 81. Bd5 Bd4 82. Ra6 Rb8 83. Bf3 Bb2+ 84. Ka2 Bc3 85.
Rc6 Bd2 86. Be2 Rb4 87. Bb5 Rd4 88. Rc7 Be3 89. Be8 Rb4 90. Rxf7+ Ke5 91. Rh7
Bd4 92. Bb5 Rb2+ 93. Ka3 Rb1 94. Rh5 Kd5 95. Be2 Rb2 96. Bf3+ Kc4 97. Bc6 Rb3+
98. Ka2 Kb4 99. Rh4 e5 100. Rxd4+ exd4 101. Bd5 Ra3+ 102. Kb1 Kxa4 {
Tinker resigns} 0-1

[Event "ICS rated blitz match"]
[Site "204.178.125.65"]
[Date "2001.08.18"]
[Round "?"]
[White "Hossa"]
[Black "monsoon"]
[Result "0-1"]
[WhiteElo "2558"]
[BlackElo "2584"]
[PlyCount "156"]
[EventDate "2001.??.??"]

1. e4 e5 2. d4 exd4 3. Qxd4 Nc6 4. Qe3 Nf6 5. Bd2 Be7 6. Nc3 O-O 7. O-O-O d5 8.
exd5 Nxd5 9. Nxd5 Qxd5 10. Bb4 Bg5 11. f4 Nxb4 12. Rxd5 Nxd5 13. Qe4 Nxf4 14.
Kb1 Rd8 15. Be2 Nxe2 16. Nxe2 c6 17. h4 Bf6 18. Qf4 Be6 19. Ng3 Rd5 20. Ne4 Be5
21. Qf3 f6 22. c4 Rd4 23. b3 Rad8 24. Re1 b6 25. Qh5 g6 26. Qf3 Bf5 27. Kc1 Rd3
28. Qe2 Bf4+ 29. Kb2 Rd2+ 30. Nxd2 Rxd2+ 31. Qxd2 Bxd2 32. Re8+ Kf7 33. Rb8 Be4
34. Rb7+ Ke6 35. Rxh7 Bxg2 36. Rxa7 Be1 37. Rh7 Be4 38. h5 g5 39. Rg7 Bb4 40.
a4 Bf8 41. Rb7 g4 42. Rb8 Bc5 43. Rg8 Kf5 44. Kc3 Be3 45. Rg7 c5 46. b4 cxb4+
47. Kxb4 Bg5 48. a5 g3 49. h6 g2 50. h7 g1=Q 51. Rxg5+ Qxg5 52. h8=Q Qd2+ 53.
Ka3 Qc3+ 54. Ka2 Qxc4+ 55. Ka3 Qd3+ 56. Kb4 Qd6+ 57. Kc3 Qa3+ 58. Kd2 Qxa5+ 59.
Ke2 Qb5+ 60. Kf2 Qc5+ 61. Kf1 Bd3+ 62. Kg2 Qd5+ 63. Kg3 Qd6+ 64. Kg2 Qd5+ 65.
Kg3 Qd6+ 66. Kg2 Be4+ 67. Kh3 Ke5 68. Kh4 Bg6 69. Kg3 Qd3+ 70. Kf2 Qd2+ 71. Kg1
Qe1+ 72. Kg2 Be4+ 73. Kh3 Qh1+ 74. Kg3 Qxh8 75. Kf2 Qh2+ 76. Ke3 Bc2 77. Kf3
Bd1+ 78. Ke3 Qe2# {Hossa checkmated} 0-1

[Event "ICS rated blitz match"]
[Site "204.178.125.65"]
[Date "2001.08.18"]
[Round "?"]
[White "Hossa"]
[Black "Tinker"]
[Result "1/2-1/2"]
[WhiteElo "2543"]
[BlackElo "2400"]
[PlyCount "78"]
[EventDate "2001.??.??"]

1. e4 e5 2. Nf3 Nc6 3. Bb5 Na5 4. Nxe5 Qg5 5. d4 Qxg2 6. Qf3 Qxf3 7. Nxf3 Nf6
8. Bd2 Nc6 9. Nc3 Bb4 10. d5 Ne7 11. Bd3 O-O 12. a3 Bxc3 13. Bxc3 Nh5 14. O-O-O
Nf4 15. Bc4 d6 16. Rhg1 Neg6 17. Kb1 Nh3 18. Rg2 f5 19. Nd2 fxe4 20. Nxe4 Rf4
21. f3 Rxf3 22. Bd4 Bd7 23. Re1 Raf8 24. Rg3 Rxg3 25. hxg3 Re8 26. Re3 Ne7 27.
Bd3 a6 28. c4 Ng6 29. b3 Ne5 30. Bc2 Ng4 31. Rc3 Nh6 32. Re3 Rf8 33. Re1 Ng4
34. c5 Rf5 35. cxd6 cxd6 36. Nc3 Rf7 37. Ne4 Rf5 38. Nc3 Rf7 39. Ne4 Rf5 {
Game drawn by repetition} 1/2-1/2

[Event "ICS rated blitz match"]
[Site "204.178.125.65"]
[Date "2001.08.18"]
[Round "?"]
[White "ChesterX"]
[Black "Hossa"]
[Result "1-0"]
[WhiteElo "2725"]
[BlackElo "2537"]
[PlyCount "105"]
[EventDate "2001.??.??"]

1. Nf3 d5 2. d4 Nf6 3. c4 e6 4. Nc3 dxc4 5. e4 Bb4 6. Bg5 c5 7. Bxc4 cxd4 8.
Nxd4 Bxc3+ 9. bxc3 Qa5 10. Bb5+ Nbd7 11. Bxf6 Qxc3+ 12. Kf1 gxf6 13. h4 a6 14.
Rh3 Qa5 15. Be2 Nc5 16. Nb3 Nxb3 17. Qxb3 b6 18. Rb1 e5 19. Rf3 f5 20. exf5 e4
21. Qb2 Rg8 22. Ra3 Qxf5 23. Qxb6 Rg6 24. Qb4 Rf6 25. f3 exf3 26. Rxf3 Qe5 27.
Kg1 Rd6 28. Rd1 Rxd1+ 29. Bxd1 Bd7 30. Qc4 Qe1+ 31. Rf1 Qe3+ 32. Kh1 Qe6 33.
Qd4 O-O-O 34. Bb3 Qc6 35. Qf4 Qc7 36. Qh6 Kb7 37. Rxf7 Qc3 38. Bd5+ Ka7 39. Qf4
Kb6 40. Rf6+ Ka5 41. Bc4 Qe1+ 42. Kh2 Ra8 43. Qc7+ Kb4 44. Qd6+ Kc3 45. Rf3+
Kxc4 46. Rf4+ Kc3 47. Qb4+ Kc2 48. Rc4+ Kd3 49. Qb3+ Ke2 50. Qf3+ Kd2 51. Qc3+
Ke2 52. Re4+ Kf1 53. Qxe1# {Hossa checkmated} 1-0

[Event "ICS rated blitz match"]
[Site "204.178.125.65"]
[Date "2001.08.18"]
[Round "?"]
[White "Tinker"]
[Black "Hossa"]
[Result "1/2-1/2"]
[WhiteElo "2406"]
[BlackElo "2529"]
[PlyCount "175"]
[EventDate "2001.??.??"]

1. e4 g6 2. d4 d6 3. Nc3 Bg7 4. f4 Nf6 5. Nf3 d5 6. e5 Ne4 7. Nxe4 dxe4 8. Ng5
c5 9. Bc4 O-O 10. d5 b5 11. d6 bxc4 12. Qd5 Nc6 13. Qxc6 Rb8 14. dxe7 Qxe7 15.
Qxe4 c3 16. bxc3 Bb7 17. Qe2 Bd5 18. Be3 f6 19. Rd1 fxg5 20. Rxd5 gxf4 21. Bc1
f3 22. gxf3 Rb1 23. Qc4 Rxc1+ 24. Rd1+ Kh8 25. Rxc1 Rxf3 26. Ke2 Rf7 27. e6 Rf6
28. Rce1 Rxe6+ 29. Kd1 Qd7+ 30. Qd3 Rd6 31. Re8+ Bf8 32. Rxf8+ Kg7 33. Rf3 c4
34. Qxd6 Qxd6+ 35. Kc1 Qa6 36. Rd1 Qxa2 37. Rd7+ Kh6 38. Rff7 a5 39. h4 Kh5 40.
Rxh7+ Kg4 41. Kd2 a4 42. Rd6 Qb1 43. Rxg6+ Kh3 44. h5 Qf1 45. Re7 Qf5 46. Re3+
Kh4 47. Rge6 Qf2+ 48. Kc1 Kxh5 49. Kb2 Qd2 50. R3e5+ Kg4 51. Ra5 a3+ 52. Rxa3
Kf5 53. Rb6 Qd8 54. Rb4 Qc7 55. Raa4 Ke6 56. Rxc4 Qb6+ 57. Rab4 Qg1 58. Re4+
Kf5 59. Rf4+ Ke5 60. Rbd4 Qg6 61. c4 Qb6+ 62. Kc3 Qa5+ 63. Kd3 Qa1 64. Rde4+
Kd6 65. Re2 Kc5 66. Rf5+ Kc6 67. Re6+ Kd7 68. Re4 Kc6 69. Kd2 Qg1 70. Ref4 Qa7
71. c3 Qa2+ 72. Kc1 Qb3 73. Rf6+ Kc5 74. R6f5+ Kc6 75. Rd5 Qxc3+ 76. Kd1 Qb2
77. Rdf5 Qa2 78. Kc1 Qe2 79. Rf2 Qe3+ 80. Kb2 Qd4+ 81. Kb3 Qe3+ 82. Ka2 Qc3 83.
R2f4 Qc2+ 84. Ka1 Qc1+ 85. Ka2 Qc2+ 86. Ka1 Qc1+ 87. Ka2 Qc2+ 88. Ka1 {
Game drawn by repetition} 1/2-1/2

[Event "ICS rated blitz match"]
[Site "204.178.125.65"]
[Date "2001.08.18"]
[Round "?"]
[White "monsoon"]
[Black "Hossa"]
[Result "1-0"]
[WhiteElo "2603"]
[BlackElo "2501"]
[PlyCount "97"]
[EventDate "2001.??.??"]

1. e4 c5 2. Nf3 e6 3. d4 cxd4 4. Nxd4 a6 5. Nc3 Qc7 6. g3 Nf6 7. Bg2 Bb4 8. O-O
Bxc3 9. bxc3 Qxc3 10. Rb1 d6 11. Nb3 O-O 12. Qxd6 Qxc2 13. Ba3 Re8 14. Rfc1 Qe2
15. Re1 Qh5 16. Nc5 e5 17. Nxb7 Bh3 18. Bxh3 Qxh3 19. f3 Qh5 20. Rf1 Nbd7 21.
Qd3 Reb8 22. Nd6 Rxb1 23. Rxb1 Qh3 24. Nf5 g6 25. Ne7+ Kg7 26. Bd6 Ng8 27. Rb7
Ngf6 28. Qc4 Ne8 29. Qd5 Nef6 30. Bxe5 Nxe5 31. Qxe5 Qh6 32. Qb2 Re8 33. e5 Ng8
34. Nd5 Re6 35. Nf4 Re7 36. e6+ f6 37. Rxe7+ Nxe7 38. Qb7 Kg8 39. Qxe7 Qf8 40.
Qd7 Qc5+ 41. Kg2 Qc2+ 42. Kh3 Qf5+ 43. g4 Qc5 44. Qf7+ Kh8 45. e7 Qxe7 46. Qxe7
h5 47. Qf8+ Kh7 48. Qf7+ Kh8 49. Nxg6# {Hossa checkmated} 1-0

[Event "ICS rated blitz match"]
[Site "204.178.125.65"]
[Date "2001.08.18"]
[Round "?"]
[White "Hossa"]
[Black "QueenMaxima"]
[Result "1-0"]
[WhiteElo "2490"]
[BlackElo "2590"]
[PlyCount "73"]
[EventDate "2001.??.??"]

1. e4 e5 2. Nf3 Qf6 3. Nc3 b6 4. Nd5 Qd6 5. d4 f6 6. Be2 Ne7 7. Nc3 exd4 8.
Nxd4 Bb7 9. Ncb5 Qe5 10. Nxc7+ Qxc7 11. Nb5 Qc6 12. Nd6+ Kd8 13. Bb5 Qxd6 14.
Qxd6 Bxe4 15. O-O Bxc2 16. Bf4 Be4 17. Qc7+ Ke8 18. Rae1 Bc6 19. Bc4 Na6 20.
Bxa6 Kf7 21. Bc4+ Kg6 22. Bd2 h6 23. Qf4 h5 24. b3 Rc8 25. Ba6 Ra8 26. Bd3+ Kf7
27. Qc4+ Ke8 28. Bb4 a5 29. Bd6 Ra7 30. Bg6+ Kd8 31. Qf7 Kc8 32. Qe8+ Kb7 33.
Qb8+ Ka6 34. Bd3+ Bb5 35. Bxb5+ Kxb5 36. Qxa7 a4 37. Qxa4# {
QueenMaxima checkmated} 1-0

[Event "ICS rated blitz match"]
[Site "204.178.125.65"]
[Date "2001.08.18"]
[Round "?"]
[White "QueenMaxima"]
[Black "Hossa"]
[Result "0-1"]
[WhiteElo "2570"]
[BlackElo "2510"]
[PlyCount "94"]
[EventDate "2001.??.??"]

1. e4 c5 2. Bc4 e6 3. Ne2 d5 4. exd5 exd5 5. Bb5+ Nc6 6. d4 Qh4 7. Nbc3 Be6 8.
Bf4 O-O-O 9. Bg3 Qf6 10. Bxc6 bxc6 11. O-O Re8 12. Be5 Qg5 13. f4 Qg6 14. Ng3
Nh6 15. Qe2 Kb7 16. Qf2 f6 17. f5 Bxf5 18. Nxf5 Ng4 19. Qf4 fxe5 20. dxe5 Nxe5
21. Rae1 Qf6 22. Qa4 Qd8 23. Kh1 h5 24. Qf4 g5 25. Qg3 h4 26. Qh3 g4 27. Qe3 g3
28. Qf4 Qf6 29. Qa4 Qe6 30. Nb1 gxh2 31. Nxh4 Bd6 32. Rf4 Qg8 33. Nf5 Nf7 34.
Rff1 Rxe1 35. Rxe1 Qg5 36. Nxd6+ Nxd6 37. Qa3 d4 38. Qb3+ Kc7 39. Qa3 Nf5 40.
g4 Qxg4 41. Qxa7+ Kd6 42. Qa3 Ng3+ 43. Qxg3+ Qxg3 44. Rf1 Rf8 45. Re1 Qf3+ 46.
Kxh2 Rh8+ 47. Kg1 Rh1# {QueenMaxima checkmated} 0-1

[Event "ICS rated blitz match"]
[Site "204.178.125.65"]
[Date "2001.08.18"]
[Round "?"]
[White "Hossa"]
[Black "QueenMaxima"]
[Result "1-0"]
[WhiteElo "2529"]
[BlackElo "2551"]
[PlyCount "119"]
[EventDate "2001.??.??"]

1. e4 d5 2. exd5 Qxd5 3. d4 e6 4. Nf3 Bb4+ 5. c3 Bd6 6. c4 Qe4+ 7. Be3 Nf6 8.
Nc3 Qg4 9. h3 Qh5 10. Bd3 b6 11. Bg5 Bb7 12. d5 Be7 13. Qa4+ Nbd7 14. Nb5 Nc5
15. Qc2 Kd8 16. O-O-O exd5 17. g4 Nxd3+ 18. Rxd3 Qg6 19. cxd5 Bc5 20. Re1 Ba6
21. Qc4 h5 22. Rd2 Kc8 23. Nd6+ Bxd6 24. Qxa6+ Kd7 25. Qb5+ Kc8 26. gxh5 Qf5
27. Bxf6 Qxf6 28. Re8+ Rxe8 29. Qxe8+ Kb7 30. Qc6+ Kb8 31. Re2 Bf4+ 32. Kc2
Qxc6+ 33. dxc6 a6 34. Re7 Ka7 35. Rxf7 Bd6 36. Ng5 Re8 37. Rxg7 Re2+ 38. Kd3
Rxb2 39. h6 Rb4 40. Nf7 Bf8 41. Rg4 Rxg4 42. hxg4 b5 43. g5 Kb6 44. g6 Bxh6 45.
Nxh6 Kxc6 46. g7 Kb6 47. g8=Q a5 48. Qb8+ Kc6 49. Nf5 b4 50. Nd4+ Kd7 51. Qb5+
Ke7 52. Qe5+ Kf7 53. Qxc7+ Kg6 54. Qxa5 Kf7 55. Qxb4 Kg6 56. Qe7 Kh6 57. Qf6+
Kh5 58. Ke4 Kg4 59. Qf5+ Kh4 60. Nf3# {QueenMaxima checkmated} 1-0

[Event "ICS rated blitz match"]
[Site "204.178.125.65"]
[Date "2001.08.18"]
[Round "?"]
[White "QueenMaxima"]
[Black "Hossa"]
[Result "0-1"]
[WhiteElo "2534"]
[BlackElo "2546"]
[PlyCount "122"]
[EventDate "2001.??.??"]

1. e4 e5 2. Nf3 Nc6 3. Bc4 Nf6 4. Ng5 d5 5. exd5 Na5 6. d3 c6 7. dxc6 Nxc4 8.
dxc4 Qxd1+ 9. Kxd1 bxc6 10. Re1 h6 11. Rxe5+ Be7 12. Nf3 Bg4 13. Re3 O-O-O+ 14.
Nbd2 Bc5 15. Re2 Nh5 16. h3 Bxf3 17. gxf3 Nf4 18. Re5 Bxf2 19. Rf5 Rhe8 20. c3
Ne2 21. Rxf7 Nxc1 22. Rxc1 Re1+ 23. Kc2 Re2 24. Rd1 Be3 25. Kb3 Rdxd2 26. Rxd2
Rxd2 27. Re7 Re2 28. h4 Kd8 29. Rxg7 Rh2 30. Rg4 Kc7 31. Rg7+ Kb6 32. h5 Bc1
33. Rg1 Rxb2+ 34. Ka3 Rb1+ 35. Ka4 Kc5 36. f4 Kxc4 37. f5 Rb6 38. Rg4+ Kxc3 39.
Rg3+ Kc2 40. Rg2+ Bd2 41. Rxd2+ Kxd2 42. f6 Kc3 43. Ka5 Rb5+ 44. Ka6 Rf5 45.
Kxa7 c5 46. Kb6 Rxf6+ 47. Kxc5 Rf5+ 48. Kc6 Rxh5 49. Kb6 Kb4 50. a3+ Kxa3 51.
Kc6 Kb3 52. Kd6 Kc4 53. Ke6 Ra5 54. Ke7 h5 55. Kd7 h4 56. Ke6 h3 57. Ke7 Ra6
58. Kd7 h2 59. Kc7 h1=Q 60. Kc8 Ra7 61. Kd8 Qh8# {QueenMaxima checkmated} 0-1

[Event "ICS rated standard match"]
[Site "204.178.125.65"]
[Date "2001.08.18"]
[Round "?"]
[White "Hossa"]
[Black "diep"]
[Result "1-0"]
[WhiteElo "2272"]
[BlackElo "2377"]
[PlyCount "129"]
[EventDate "2001.??.??"]

1. c4 e6 2. d4 Nf6 3. Nc3 d5 4. cxd5 exd5 5. Nf3 c6 6. Bg5 Be7 7. e3 O-O 8. Bd3
Bg4 9. Qc2 h6 10. Bh4 Nbd7 11. h3 Be6 12. O-O-O Rc8 13. g4 Re8 14. Bg3 Bb4 15.
g5 Bxc3 16. bxc3 Ne4 17. gxh6 g6 18. Bxe4 dxe4 19. Nd2 Bd5 20. Kb1 c5 21. Nb3
cxd4 22. Rxd4 Nb6 23. Rhd1 Qg5 24. Bf4 Qh5 25. h4 Bc4 26. Bg5 Be2 27. Rg1 Bd3
28. Rxd3 Nc4 29. Ka1 exd3 30. Qxd3 Ne5 31. Qc2 b6 32. Rg3 Nc4 33. Nd4 Rc5 34.
e4 b5 35. f4 a6 36. e5 Rd5 37. Rg1 Rd7 38. Qe4 Rc7 39. Qe1 Rc5 40. Qf2 Rd5 41.
Qg2 Nb6 42. Qe4 Kh7 43. a3 Rc8 44. e6 f5 45. Qe1 Na8 46. e7 Nc7 47. Ne6 Ne8 48.
Nf8+ Kh8 49. Qe6 Rd1+ 50. Ka2 Rc6 51. Qe5+ Kg8 52. h7+ Qxh7 53. Nxh7 Rd2+ 54.
Kb3 a5 55. Nf6+ Rxf6 56. Bxf6 Kf7 57. h5 gxh5 58. Bh4 a4+ 59. Kb4 Rd6 60. Qh8
Ke6 61. Qxe8 Rd4+ 62. cxd4 Kd5 63. Qxb5+ Kxd4 64. Rg3 Ke4 65. Qc4# {
diep checkmated} 1-0